Competitive Intelligence - A Tool for Increasing the Competitiveness of a Business

Definície kompetitívnej inteligencie (konkurenčná inteligencia; CI, Competitive Intelligence). Klasifikácia CI z pohľadu operačného prostredia: ofenzívna, defenzívna, lobistická. Klasifikácia CI podľa zamerania. Zdroje dát pre CI: typológia dát, vyhľadávače, metavyhľadávače, monitorovanie webových s...

Full description

Saved in:
Bibliographic Details
Main Author: Cárachová, Magdaléna
Format: Book Chapter
Language:English
Subjects:
Tags: Add Tag
No Tags, Be the first to tag this record!

MARC

LEADER 00000nla$a2200000$$$4500
001 0246961
005 20240502083659.1
041 0 |a eng 
044 |a CZ 
245 1 0 |a Competitive Intelligence - A Tool for Increasing the Competitiveness of a Business  |c Magdaléna Cárachová 
520 |a Definície kompetitívnej inteligencie (konkurenčná inteligencia; CI, Competitive Intelligence). Klasifikácia CI z pohľadu operačného prostredia: ofenzívna, defenzívna, lobistická. Klasifikácia CI podľa zamerania. Zdroje dát pre CI: typológia dát, vyhľadávače, metavyhľadávače, monitorovanie webových stránok, neviditeľný web. Sociálne siete a CI. 
610 2 0 |a konkurencieschopnosť 
610 2 0 |a podnik 
610 2 0 |a internet 
610 2 0 |a inteligencia umelá 
610 2 0 |a dáta 
610 2 0 |a spracovanie dát 
610 2 0 |a stránky webové 
610 2 0 |a siete sociálne 
610 2 0 |a informácie 
610 2 0 |a informatika 
610 2 0 |a competitive intelligence 
100 1 |a Cárachová, Magdaléna